| 000 | 00501nam a2200181 a 4500 | ||
|---|---|---|---|
| 001 | 3426 | ||
| 005 | 20140414131847.0 | ||
| 008 | 060325s19uu xx 00 eng d | ||
| 020 | _a0-7105-0273-7 | ||
| 050 |
_aM 398.8 _bP27 |
||
| 100 | _aPatience, John | ||
| 245 |
_aThe Land of nursery rhymes / _cillustrated by John Patience. |
||
| 260 |
_aBridlington, U.K : _bPeter Haddock. |
||
| 300 | _ap. : ill. ; cm. | ||
| 440 | _aRuby Series | ||
| 650 |
_aRhymes _xJuvenile literature. |
||
| 999 |
_c110001 _d110001 |
||